000 01452nam0a2200313 i 4500
001 RU\NLR\bibl\2013053
005 20241114224424.0
010 _a9785882106712
_9300
021 _aRU
_b2013-11884
_9852
035 _a(NLR Aleph) 002001534
090 _a4366154
_c4366154
100 _a20130319d2012 k y0rusy50 ca
101 0 _arus
102 _aRU
105 _aa |||||||||
200 1 _aСоциальная компетентность как компонент психологической культуры одаренных старшеклассников
_eмонография
_fГ.Л. Парфенова
_gМ-во образования и науки РФ, Федер. гос. бюджет. образоват. учреждение высш. проф. образования "Алтайс. гос. пед. акад."
210 _aБарнаул
_cАлтГПА
_d2012
215 _a232, [9] с.
_cил.
_d21
320 _aБиблиогр.: с. 203-215 (204 назв.)
606 1 _aОдаренность
_xИсследование
_91841799
_3RU\NLR\auth\66833809
606 _aШкольники
_xКомпетентность социальная
_92589405
_3RU\NLR\auth\661530333
686 _aС550.325.2
686 _aЮ983.724
700 1 _aПарфенова
_bГ. Л.
_gГалина Леонидовна
_4070
801 0 _aRU
_bNLR
_c20130319
_gRCR
801 1 _aRU
_bNLR
_c20130319
942 _cBOOK
980 _aNBR